Les Asgardiens connus (Marvel) - Statistiques

Statistiques générales
  • Ce quiz a été pris 24 fois
  • Le résultat moyen est 7 sur 19
Statistiques - réponses
Asgardiens connus % Correct
Loki
100%
Odin
100%
Thor
100%
Heimdall
76%
Hela
67%
Valkyrie
62%
Frigga
52%
Sif
48%
Hogun
33%
Volstagg
33%
Fandral
29%
Bor
19%
Skurge
10%
Buri
5%
Tyr
5%
Eir
0%
Elliot Randolph
0%
Haldor
0%
Lorelai
0%
Aucun quiz correspondant
Distribution des résultats
% des personnes avec chaque résultat
Percentile par nombre de réponses
Votre historique - résultats
Vous n’avez pas pris ce quiz